000
00278nam a22001097a 4500
008
230620b xxu||||| |||| 00| 0 eng d
082
_a
323.34
_b
IPU 2000
245
_a
Women in Politics
_b
1945-2000
260
_a
Geneva
_b
Parliamentary Union
_c
2000
300
_a
35p
942
_2
ddc
_c
BK
999
_c
1776
_d
1776